00564nam a22001817a 450000500170000001000150001702000260003203500130005803700130007108200110008410000200009524500770011526000390019227000620023130000190029350000500031270000200036220100817122530.0 aENG-100598 a9789380151243c750.00 aEN-84131 bDBAD/PUB a571.98 aAithal, Shiva C aMicrobial catabolism a review /cby Shiva C Aithal [and] Abhay B Solunke aGoabCinnamonteal Publishingc2010 aPlot No 16 Gogol Housing Board Colony MargaobGoae403601 a356pc22cm(Hb) aIncludes bibliographical references and Index aSolunke,Abhay B